000 01021nam a2200277 i 4500
001 104989
003 ES-MaACL
005 20231222172307.0
007 t|
008 060601s1965 sp a |||| | spa d
080 _a75.036(064.3)
245 0 0 _aPintura redonda
_b: [exposición, Sala del Prado del Ateneo de Madrid, junio de 1965] /
_c[Texto: Carlos-Antonio Areán].
260 _a[Madrid] :
_bPublicaciones Españolas,
_c[1965]
300 _a[36] p. :
_bil. ;
_c23 cm.
490 1 _aCuadernos de arte. Serie divulgación ;
_v21
610 2 7 _aAteneo de Madrid-
_vExposiciones-
_y1960-1969.
_91920
650 1 4 _aPintura-
_yS.XX-
_vExposiciones.
_916011
655 7 _2tgfbne
_9193628
_aCatálogos de exposiciones
700 1 _aAreán, Carlos,
_d1921-1996
_922562
710 2 _aAteneo de Madrid.
_bSala del Prado.
_91965
830 0 _aCuadernos de arte. Serie divulgación ;
_v21
_9184876
852 _aES-MaACL
_j2204-F-12
852 _aES-MaACL
_jF-10824(1)
942 _2udc
999 _c104989
_d104989